000 00850nam a2200253Ia 4500
003 OSt
005 20220926002451.0
006 a|||||r|||| 00| 0
007 ta
008 220923b |||||||| |||| 00| 0 eng d
037 _cGeneral Book
040 _aRTL
_cRTL
_beng
041 _2eng
_aeng
082 _aY31:7:7.2.N7, L0
110 _aIndia, International Centre Council for Social Development (New Delhi)
_9305914
245 0 _aAction for rural change
_b Readings in Indian commun
260 _a New Delhi
_bMunshiram and Manoharlal
_c1970
300 _axiv, 507p
_ccm.
500 _aBibliography: P 497-503p
650 _aCommunity Development
700 _aIndia, International Centre Council for Social Development (New Delhi)
_9305915
942 _hY31:7:7.2.N7, L0
_cGB
_2CC
999 _c605135
_d605135